| 000 | 00516nam a2200157Ia 4500 | ||
|---|---|---|---|
| 008 | 220214s9999 xx 000 0 und d | ||
| 022 | _a0044-3298 | ||
| 245 | 0 | _aJOURNAL OF PLANT BREEDING (ZEITSCHRIFT FUR PFLANZENZUCHTUNG) | |
| 246 | _aPlant Breeding (Zeitschrift Fur Pflanzensuchtung) | ||
| 260 |
_bPaul Parey Scientific Publishers, Berlin _aGermany |
||
| 310 | _a3vy | ||
| 500 | _aEnding Volume & Year: 96, 1986 | ||
| 500 | _aMissing Volume: 94(4) | ||
| 500 | _aStarting Volume & Year: 86, 1981 | ||
| 942 | _cBJ | ||
| 999 |
_c12841 _d12841 |
||